Recognition receptors in biosensors / (رقم التسجيلة. 24204)
[ عرض عادي ]
| 000 -الفاتح | |
|---|---|
| حقل البيانات ثابتة الطول | 01095cam a22003014a 4500 |
| 001 - رقم الضبط | |
| رقم الضبط | 15771542 |
| 003 - محدد رقم الضبط | |
| رقم الضبط | OSt |
| 005 - وقت وتاريخ اخر تعامل مع التسجيلة | |
| رقم الضبط | 20150408114046.0 |
| 008 - عناصر البيانات ثابتة الطول - معلومات عامة | |
| حقل البيانات ثابتة الطول | 120623s2010 nyua b 001 0 eng c |
| 010 ## - رقم ضبط مكتبة الكونجرس | |
| رقم ضبط مكتبة الكونجرس | |
| 020 ## - الرقم الدولى المعيارى للكتب | |
| الرقم الدولى المعيارى للكتاب | 9781441909183 (hbk. : alk. paper) |
| 020 ## - الرقم الدولى المعيارى للكتب | |
| الرقم الدولى المعيارى للكتاب | 1441909184 (hbk. : alk. paper) |
| 040 ## - مصدر الفهرسة | |
| وكالة النسخ | MU |
| 082 00 - رقم تصنيف ديوى العشرى | |
| رقم التصنيف | 572.696 R E R |
| رقم الطبعة | 22 |
| 245 00 - بيان العنوان | |
| العنوان | Recognition receptors in biosensors / |
| بيان المسئوليه,etc | Mohammed Zourob, editor. |
| 260 ## - PUBLICATION, DISTRIBUTION, ETC. (IMPRINT) | |
| مكان الناشر او الموزع | New York ; |
| -- | London : |
| اسم الناشر او الموزع | Springer, |
| تاريخ النشر أو التوزيع | 2010. |
| 300 ## - الوصف المادى | |
| التعداد | xvi, 863 p. : |
| تفاصيل ماديه اخرى للوعاء | ill. ; |
| أبعاد الوعاء | 24 cm. |
| 504 ## - تبصرة ببليوجرافية | |
| تبصرة ببليوجرافية,الخ | Includes bibliographical references and index. |
| 650 #4 - المدخل الاضافى بالموضوع-مصطلح موضوعى | |
| مصطلح موضوعي أو اسم جغرافي كعنصر مدخل | Biosensors. |
| 9 (RLIN) | 16045 |
| 650 #4 - المدخل الاضافى بالموضوع-مصطلح موضوعى | |
| مصطلح موضوعي أو اسم جغرافي كعنصر مدخل | Cell receptors. |
| 9 (RLIN) | 16046 |
| 650 #4 - المدخل الاضافى بالموضوع-مصطلح موضوعى | |
| مصطلح موضوعي أو اسم جغرافي كعنصر مدخل | Biosensing Techniques |
| التقسيم الفرعي العام | methods. |
| 9 (RLIN) | 16047 |
| 650 #4 - المدخل الاضافى بالموضوع-مصطلح موضوعى | |
| مصطلح موضوعي أو اسم جغرافي كعنصر مدخل | Receptors, Cell Surface. |
| 9 (RLIN) | 16048 |
| 700 1# - المدخل الاضافى - اسم شخصى | |
| الإسم الشخصى | Zourob, Mohammed. |
| 9 (RLIN) | 16049 |
| 906 ## - عنصر بيانات محلى F, LDF (RLIN) | |
| a | 7 |
| b | cbc |
| c | pccadap |
| d | 2 |
| e | ncip |
| f | 20 |
| g | y-gencatlg |
| 942 ## - عناصر المدخل الإضافي( كوها) | |
| مصدر التصنيف او مخطط الترفيف | Dewey Decimal Classification |
| Koha [default] item type | DVD |
| حالة الفقد | نموذج السعر الفعال | حالة تلف | ليس للاعارة | رقم الطلب | رقم النسخة | تاريخ الاكتساب | الموقع الحالي | الباركود | الفرع الرئيسي | Date last seen | نوع المادة فى نظام كوها | مصدر التصنيف او خطة الترفيف | Total Checkouts |
|---|---|---|---|---|---|---|---|---|---|---|---|---|---|
| 2013-03-10 | 572.696 R E R | C.1 | 2012-06-23 | المكتبة المركزية بالمجمعة (CL) | 00109875 | المكتبة المركزية بالمجمعة (CL) | 2013-03-10 | كتاب | Dewey Decimal Classification | ||||
| 2013-03-10 | 572.696 R E R | C.2 | 2012-06-23 | المكتبة المركزية بالمجمعة (CL) | 00109874 | المكتبة المركزية بالمجمعة (CL) | 2013-03-10 | كتاب | Dewey Decimal Classification | ||||
| 2013-03-10 | 572.696 R E R | C.3 | 2012-06-23 | المكتبة المركزية بالمجمعة (CL) | 00109873 | المكتبة المركزية بالمجمعة (CL) | 2013-03-10 | كتاب | Dewey Decimal Classification |
